| 000 | 00658nam a2200217 a 4500 | ||
|---|---|---|---|
| 005 | 20260211063957.0 | ||
| 008 | 180306s2015 ag r 000 0 spa d | ||
| 020 | _a9789871984510 | ||
| 035 | _aUPN01000223335 | ||
| 049 | _aCG | ||
| 050 | 4 |
_aLB3013.3 _bE7.2 |
|
| 100 | 1 |
_aEstrada Gómez, Miguel Angel _941447 |
|
| 245 | 1 | 0 |
_aAcoso escolar : _bmodelos agresivos originan acosadores / _cMiguel Angel Estrada Gómez. |
| 260 |
_aBuenos Aires : _bSB, _c2015. |
||
| 300 |
_a118 p. : _bil., tablas |
||
| 650 | 4 |
_aViolencia escolar _96675 |
|
| 650 | 4 |
_aAcoso en las escuelas _91650 |
|
| 650 | 2 |
_aAgresividad en niños _9305 |
|
| 905 | _aLibro | ||
| 999 |
_c195432 _d195432 |
||